Drupal 8 blueprints : (Record no. 16697)

000 -LEADER
fixed length control field 00576cam a2200181 i 4500
020 ## - INTERNATIONAL STANDARD BOOK NUMBER
ISBN 9781785887567
040 ## - CATALOGING SOURCE
Transcribing agency WaSeSS
082 ## - DEWEY DECIMAL CLASSIFICATION NUMBER
Classification number 372 MAC 1991 A107 Or.
100 1# - MAIN ENTRY--AUTHOR NAME
Personal name Burrows, Alex.
245 10 - TITLE STATEMENT
Title Drupal 8 blueprints :
Remainder of title step along the creation of 7 professional-grade Drupal sites /
300 ## - PHYSICAL DESCRIPTION
Number of Pages 1 online resource (262 pages)
650 #0 - SUBJECT ADDED ENTRY--TOPICAL TERM
Topical Term Web site development
650 #0 - SUBJECT ADDED ENTRY--TOPICAL TERM
Topical Term Web sites
710 2# - ADDED ENTRY--CORPORATE NAME
Corporate name or jurisdiction name as entry element ProQuest (Firm)
710 2# - ADDED ENTRY--CORPORATE NAME
Corporate name or jurisdiction name as entry element Serials Solutions
856 40 - ELECTRONIC LOCATION AND ACCESS
Uniform Resource Identifier https://ezproxy.spl.org/login?url=https://proquest.safaribooksonline.com/9781785887567
942 ## - ADDED ENTRY ELEMENTS (KOHA)
Koha item type សៀវភៅភាសាអង់គ្លេស
952 ## - LOCATION AND ITEM INFORMATION (KOHA)
Withdrawn status [LOCAL, KOHA] 0
Holdings
Permanent Location Date acquired Koha item type Lost status Shelving location Barcode Current Location Full call number
Library Block A2018-03-27សៀវភៅភាសាអង់គ្លេស A108A21850Library Block A372 MAC 1991 A108 Or.
មជ្ឈមណ្ឌលឯការនៃសាកលវិទ្យាល័យភូមិន្ទកសិកម្មចំការដូង

Powered by Koha